Stalin / (Record no. 26627)
[ view plain ]
| 000 -LEADER | |
|---|---|
| fixed length control field | 00776nam a22002651 4500 |
| 001 - CONTROL NUMBER | |
| control field | 26627 |
| 003 - CONTROL NUMBER IDENTIFIER | |
| rucl marc code | BD-RjUL |
| 005 - DATE AND TIME OF LATEST TRANSACTION | |
| control field | 20211209051038.0 |
| 008 - FIXED-LENGTH DATA ELEMENTS--GENERAL INFORMATION | |
| fixed length control field | 140323s1966 nju b 001 0beng |
| 035 ## - SYSTEM CONTROL NUMBER | |
| System control number | (BD-RjUL)26697 |
| 040 ## - CATALOGING SOURCE | |
| Original cataloging agency | DLC |
| Transcribing agency | DLC |
| Modifying agency | DLC |
| -- | BD-RjUL |
| Language of cataloging | eng |
| 041 ## - LANGUAGE CODE | |
| Language code of text/sound track or separate title | eng |
| 082 00 - DEWEY DECIMAL CLASSIFICATION NUMBER | |
| Classification number | 947.08420924 |
| Author mark and year | STA 1966 |
| 245 00 - TITLE STATEMENT | |
| Title | Stalin / |
| Statement of responsibility, etc. | edited by T. H. Rigby. |
| 260 ## - PUBLICATION, DISTRIBUTION, ETC. (IMPRINT) | |
| Place of publication, distribution, etc. | Englewood Cliffs, N.J. : |
| Name of publisher, distributor, etc. | Prentice-Hall, |
| Date of publication, distribution, etc. | C1966. |
| 300 ## - PHYSICAL DESCRIPTION | |
| Pagination | vii, 182 p. ; |
| Size | 21 cm. |
| 490 0# - SERIES STATEMENT | |
| Series statement | Great lives observed |
| Series statement | A Spectrum book |
| 504 ## - BIBLIOGRAPHY, ETC. NOTE | |
| Bibliography, etc | "Bibliographical note": p. 179-182. and index. |
| 600 10 - SUBJECT ADDED ENTRY--PERSONAL NAME | |
| Personal name | Stalin, Joseph, |
| Dates associated with a name | 1879-1953. |
| 700 1# - ADDED ENTRY--PERSONAL NAME | |
| Personal name | Rigby, T. H. |
| Fuller form of name | (Thomas Henry), |
| 942 ## - ADDED ENTRY ELEMENTS (KOHA) | |
| Source of classification or shelving scheme | Dewey Decimal Classification |
| Koha item type | Books |
| Lost status | Source of classification or shelving scheme | Damaged status | Not for loan | Collection code | Permanent Location | Current Location | Shelving location | Date acquired | Source of acquisition | Cost, normal purchase price | Total Checkouts | Full call number | Date last seen | Copy number | Koha item type |
|---|---|---|---|---|---|---|---|---|---|---|---|---|---|---|---|
| Dewey Decimal Classification | Added to bundle | Non-fiction | Central Library, University of Rajshahi | Central Library, University of Rajshahi | Reading Room | 24/08/1973 | Provencial book deport Ltd. | 17.55 | 947.08420924 STA 1966 | 23/03/2014 | C-1 | Books |